000 00671nam a22002177a 4500
999 _c57641
_d57641
005 20200824134140.0
008 200824b xxu||||| |||| 00| 0 geo d
020 _a9781408095720
041 _aeng
080 _a811.111.1 H-50
100 _aHealan, A.
_99296
245 _aClose-Up B2 :
_bstudent's Book /
_cA. Healan, K. Gormley with K. Ludlow.
250 _asecond edition
264 _c2019.
300 _a190 p.
_b30 cm.
653 _aონგლისური ენა
653 _aმოსწავლის წიგნი
700 _a Gormley, K.
_eავტორი
_99297
700 _a Ludlow, K.
_eავტორი
_99298
942 _2udc
_cBK